Quantum-chemical study of electronically excited states ofprotolytic forms of vanillic acid; Proceedings of SPIE; Vol. 9810 : Atomic and Molecular Pulsed Lasers XII

Bibliographic Details
Parent link:Proceedings of SPIE
Vol. 9810 : Atomic and Molecular Pulsed Lasers XII.— 2015.— [98100F, 7 p.]
Corporate Author: Национальный исследовательский Томский политехнический университет (ТПУ)
Other Authors: Vusovich O. V., Tchaikovskaya O. N., Sokolova I. V., Vasileva N. Y.
Summary:Title screen
The paper describes an analysis of possible ways of deactivation of electronically excited states of 4-hydroxy- 3-methoxy-benzoic acid (vanillic acid) and its protolytic forms with the use of quantum-chemical methods INDO/S (intermediate neglect of differential overlap with a spectroscopic parameterization) and MEP (molecular electrostatic potential). The ratio of radiative and non-radiative deactivation channels of the electronic excitation energy is established. The rate constants of photophysical processes (internal and intercombination conversions) occurring after the absorption of light in these forms are evaluated.
Режим доступа: по договору с организацией-держателем ресурса
Language:English
Published: 2015
Series:Photonics of Optical Materials, Optoelectronics
Subjects:
Online Access:http://dx.doi.org/10.1117/12.2225721
http://earchive.tpu.ru/handle/11683/18042
Format: Electronic Book Chapter
KOHA link:https://koha.lib.tpu.ru/cgi-bin/koha/opac-detail.pl?biblionumber=646961

MARC

LEADER 00000nla2a2200000 4500
001 646961
005 20231101134437.0
035 |a (RuTPU)RU\TPU\network\12098 
035 |a RU\TPU\network\12093 
090 |a 646961 
100 |a 20160322a2015 k y0rusy50 ba 
101 0 |a eng 
105 |a a z 101zy 
135 |a drcn ---uucaa 
181 0 |a i  
182 0 |a b 
200 1 |a Quantum-chemical study of electronically excited states ofprotolytic forms of vanillic acid  |f O. V. Vusovich [et al.] 
203 |a Text  |c electronic 
225 1 |a Photonics of Optical Materials, Optoelectronics 
300 |a Title screen 
320 |a [References: 11 tit.] 
330 |a The paper describes an analysis of possible ways of deactivation of electronically excited states of 4-hydroxy- 3-methoxy-benzoic acid (vanillic acid) and its protolytic forms with the use of quantum-chemical methods INDO/S (intermediate neglect of differential overlap with a spectroscopic parameterization) and MEP (molecular electrostatic potential). The ratio of radiative and non-radiative deactivation channels of the electronic excitation energy is established. The rate constants of photophysical processes (internal and intercombination conversions) occurring after the absorption of light in these forms are evaluated. 
333 |a Режим доступа: по договору с организацией-держателем ресурса 
461 1 |0 (RuTPU)RU\TPU\network\12028  |t Proceedings of SPIE 
463 0 |0 (RuTPU)RU\TPU\network\12030  |t Vol. 9810 : Atomic and Molecular Pulsed Lasers XII  |o International Conference, 13–18 September 2015, Tomsk, Russian Federation  |o [proceedings]  |f Russian Foundation for Basic Research Siberian Branch of Russian Academy of Sciences ; ed. V. F. Tarasenko, A. M. Kabanov  |v [98100F, 7 p.]  |d 2015 
610 1 |a электронный ресурс 
610 1 |a труды учёных ТПУ 
610 1 |a винилиновая кислота 
610 1 |a квантово-химические исследования 
610 1 |a дезактивация 
610 1 |a электронно-возбужденные состояния 
610 1 |a протеолитические формы 
701 1 |a Vusovich  |b O. V. 
701 1 |a Tchaikovskaya  |b O. N. 
701 1 |a Sokolova  |b I. V. 
701 1 |a Vasileva  |b N. Y. 
712 0 2 |a Национальный исследовательский Томский политехнический университет (ТПУ)  |c (2009- )  |2 stltpush  |3 (RuTPU)RU\TPU\col\15902 
801 2 |a RU  |b 63413507  |c 20161121  |g RCR 
856 4 |u http://dx.doi.org/10.1117/12.2225721 
856 4 |u http://earchive.tpu.ru/handle/11683/18042 
942 |c CF